000 00441nam a22001577a 4500
005 20251108164820.0
008 250721s1986 xx 000 0 ara d
082 1 4 _a616.12/صبا
100 1 _aالسامرائي، صباح إسماعيل
245 1 0 _aقصة أمراض القلب /
264 1 _aبغداد :
_bالمؤلف،
_c1986.
300 _a215ص : مص
650 1 7 _aأمراض القلب
942 _2ddc
_cBK
999 _c15053
_d15053